Soviet professional manpower, its education, training, and supply / (Record no. 5577)
[ view plain ]
| 000 -LEADER | |
|---|---|
| fixed length control field | 00996nam a2200277 a 4500 |
| 001 - CONTROL NUMBER | |
| control field | 5577 |
| 003 - CONTROL NUMBER IDENTIFIER | |
| rucl marc code | BD-RjUL |
| 005 - DATE AND TIME OF LATEST TRANSACTION | |
| control field | 20211208234105.0 |
| 008 - FIXED-LENGTH DATA ELEMENTS--GENERAL INFORMATION | |
| fixed length control field | 131226s1955 dcua b 000 0 eng d |
| 035 ## - SYSTEM CONTROL NUMBER | |
| System control number | OCLC ocm00755685 from D950913M |
| -- | (BD-RjUL)5616 |
| 040 ## - CATALOGING SOURCE | |
| Original cataloging agency | DLC |
| Transcribing agency | CSU |
| Modifying agency | SER |
| -- | EQO |
| -- | BD-RjUL |
| Language of cataloging | eng |
| 041 ## - LANGUAGE CODE | |
| Language code of text/sound track or separate title | eng |
| 082 04 - DEWEY DECIMAL CLASSIFICATION NUMBER | |
| Classification number | 370.947 |
| Edition number | 18 |
| Author mark and year | WIS 1955 |
| 100 1# - MAIN ENTRY--PERSONAL NAME | |
| Personal name | De Witt, Nicholas. |
| 9 (RLIN) | 17482 |
| 245 10 - TITLE STATEMENT | |
| Title | Soviet professional manpower, its education, training, and supply / |
| Statement of responsibility, etc. | Nicholas de Witt. |
| 260 ## - PUBLICATION, DISTRIBUTION, ETC. (IMPRINT) | |
| Place of publication, distribution, etc. | Washington : |
| Name of publisher, distributor, etc. | National Science Foundation, |
| Date of publication, distribution, etc. | 1955 |
| 300 ## - PHYSICAL DESCRIPTION | |
| Pagination | xxviii, 400 p. |
| Illustrations | diagrs., tables. |
| Size | 24 cm |
| 500 ## - GENERAL NOTE | |
| General note | At head of title: National Academy of Sciences, National Research Council |
| 504 ## - BIBLIOGRAPHY, ETC. NOTE | |
| Bibliography, etc | Bibliography: p. 365-375 |
| 650 #0 - SUBJECT ADDED ENTRY--TOPICAL TERM | |
| Topical term or geographic name as entry element | Education |
| Geographic subdivision | Soviet Union |
| 9 (RLIN) | 17483 |
| Topical term or geographic name as entry element | Manpower |
| Geographic subdivision | Soviet Union |
| 9 (RLIN) | 17484 |
| 710 2# - ADDED ENTRY--CORPORATE NAME | |
| Corporate name or jurisdiction name as entry element | National Science Foundation (U.S.) |
| 9 (RLIN) | 17485 |
| Corporate name or jurisdiction name as entry element | National Research Council (U.S.) |
| 9 (RLIN) | 17486 |
| 942 ## - ADDED ENTRY ELEMENTS (KOHA) | |
| Source of classification or shelving scheme | Dewey Decimal Classification |
| Koha item type | Books |
| Lost status | Source of classification or shelving scheme | Damaged status | Not for loan | Permanent Location | Current Location | Shelving location | Date acquired | Source of acquisition | Cost, normal purchase price | Total Checkouts | Full call number | Date last seen | Copy number | Koha item type |
|---|---|---|---|---|---|---|---|---|---|---|---|---|---|---|
| Dewey Decimal Classification | Not For Loan | Central Library, University of Rajshahi | Central Library, University of Rajshahi | 27/01/1958 | Pak-American com. | 7.80 | 370.947 WIS 1955 | 26/12/2013 | C-1 | Books |